000 00755nam a2200253Ia 4500
003 OSt
005 20221005084718.0
006 a|||||r|||| 00| 0
007 ta
008 221004b |||||||| |||| 00| 0 eng d
020 _a0897891511 (hbk)
_c6682.32
024 _a24622
037 _b208, 31/12/2015, Classic Book Service
_cTextual
040 _aCRL
_cCRL
_beng
041 _2eng
_aeng
082 _aZ46, N0
100 _aDwyer Daisy Hilse Ed.
_9613508
245 0 _aLaw and islam in the middle east
260 _aNew York
_bBergin & Garvey Publisher U.S.A
_c1990
300 _a168p.
_ccm.
650 _aLAW
942 _hZ46, N0
_cTEXL
_2cc
999 _c993001
_d993001